[Event "XXXIII Memorial Edoardo Crespi B"]
[Site "Milano ITA"]
[Date "2012.12.08"]
[Round "4"]
[White "Mauri, Agostino"]
[Black "Condorelli, Roberto"]
[WhiteElo "1551"]
[BlackElo "1725"]
[Result "1/2-1/2"]
[PlyCount "77"]
[EventDate "2012.12.05"]

1. d4 Nf6 2. c4 e6 3. Nc3 Bb4 4. Bg5 c5 5. a3 Bxc3+ 6. bxc3 b6 7. e3 h6 8. Bh4
Bb7 9. Nf3 d6 10. h3 Nbd7 11. Be2 Qc7 12. O-O Ne4 13. Qc2 Ndf6 14. Nd2 O-O 15.
f3 Nxd2 16. Qxd2 g5 17. Bg3 Nh5 18. Bh2 Rad8 19. e4 e5 20. d5 Bc8 21. g4 Nf4
22. Bxf4 gxf4 23. Rf2 f6 24. Kh1 Kf7 25. Rg2 Rh8 26. Rag1 Rdg8 27. Qe1 Kf8 28.
h4 Qd7 29. h5 Rg5 30. Qd1 Rhg8 31. Qb3 Qb7 32. Rb1 Qg7 33. Rbg1 Bd7 34. a4 Be8
35. a5 Qc7 36. axb6 axb6 37. Rh2 Qd7 38. Bf1 Qa7 39. Bd3 1/2-1/2

[Event "XXXIII Memorial Edoardo Crespi B"]
[Site "Milano ITA"]
[Date "2012.12.08"]
[Round "4"]
[White "Mazza, Domenico"]
[Black "Colonetti, Fabio"]
[WhiteElo "1565"]
[BlackElo "1446"]
[Result "1-0"]
[PlyCount "95"]
[EventDate "2012.12.05"]

1. e4 c5 2. Nf3 d6 3. d4 cxd4 4. Nxd4 Nf6 5. Nc3 g6 6. Be2 Bg7 7. Be3 O-O 8.
Qd3 Nc6 9. a3 a6 10. Nb3 Bd7 11. O-O-O b5 12. Nd5 Nxd5 13. Qxd5 Qc7 14. f4 Rac8
15. Qd2 Be6 16. Na1 Na5 17. Bd4 Bxd4 18. Qxd4 Qc5 19. Qxc5 Rxc5 20. b4 Rc3 21.
Kb2 Rc7 22. bxa5 Bc4 23. Bxc4 bxc4 24. Kc1 Rc5 25. Rd5 Rxd5 26. exd5 Rc8 27.
Re1 Kf8 28. c3 Rc5 29. Re4 Rxd5 30. Rxc4 Rxa5 31. Kb2 Rc5 32. Rxc5 dxc5 33. Nb3
c4 34. Na5 Ke8 35. Nxc4 Kd7 36. Kb3 Ke6 37. Kb4 Kf5 38. g3 f6 39. Ka5 Kg4 40.
Kxa6 Kh3 41. Nd2 Kxh2 42. c4 Kxg3 43. c5 Kxf4 44. c6 h5 45. c7 h4 46. c8=Q f5
47. Qc4+ Kg3 48. Qg8 1-0

[Event "XXXIII Memorial Edoardo Crespi B"]
[Site "Milano ITA"]
[Date "2012.12.08"]
[Round "4"]
[White "Mingolla, Patrizio"]
[Black "Colica, Daniele"]
[WhiteElo "1654"]
[BlackElo "1713"]
[Result "1-0"]
[PlyCount "45"]
[EventDate "2012.12.05"]

1. e4 d5 2. exd5 Nf6 3. c4 e6 4. dxe6 Bxe6 5. d4 Be7 6. Nf3 Nbd7 7. Bd3 O-O 8.
O-O c6 9. Qc2 Qa5 10. h3 b5 11. Bd2 Qb6 12. c5 Qc7 13. Nc3 g6 14. Rfe1 Rfe8 15.
b4 Bd5 16. Ne5 Bf8 17. Bf4 Qd8 18. Bg5 Be7 19. Nxd5 Nxe5 20. Nxe7+ Qxe7 21.
dxe5 Qe6 22. Bxf6 h5 23. Bxg6 1-0

[Event "XXXIII Memorial Edoardo Crespi B"]
[Site "Milano ITA"]
[Date "2012.12.08"]
[Round "4"]
[White "Nordio, Giorgio"]
[Black "Alidosi, Marco"]
[WhiteElo "1626"]
[BlackElo "1785"]
[Result "0-1"]
[PlyCount "126"]
[EventDate "2012.12.05"]

1. c4 Nf6 2. Nc3 c5 3. Nf3 Nc6 4. e3 g6 5. g3 Bg7 6. Bg2 O-O 7. O-O d5 8. cxd5
Nxd5 9. Nxd5 Qxd5 10. Nd4 Qd6 11. Nxc6 bxc6 12. Rb1 Qd3 13. Ra1 Be6 14. Re1
Rab8 15. Bf1 Qd6 16. Qc2 Rb7 17. d3 Rd8 18. Rd1 Qe5 19. Bg2 Qd6 20. e4 Bd4 21.
Kh1 Qd7 22. Qd2 Rb6 23. Qc2 Rdb8 24. Rd2 Qb7 25. Qd1 Bxb2 26. Bxb2 Rxb2 27. Qc1
Rb1 28. Rxb1 Qxb1 29. Rd1 Bxa2 30. e5 Qxc1 31. Rxc1 Rb1 32. Rxb1 Bxb1 33. Bxc6
Bxd3 34. Kg2 a5 35. Ba4 g5 36. Kf3 Kg7 37. Ke3 Bc4 38. f4 f6 39. exf6+ exf6 40.
fxg5 fxg5 41. h4 gxh4 42. gxh4 Kf6 43. Kf4 Be6 44. Bc2 h6 45. Bd1 Bf5 46. Ke3
Ke5 47. Bb3 Be6 48. Bc2 Bd5 49. Kd2 Kf4 50. h5 Kg5 51. Bd1 Bf7 52. Kc3 Bxh5 53.
Bc2 Bf7 54. Kb2 Bd5 55. Bd3 h5 56. Ka3 Bg2 57. Bb5 Kf4 58. Ka4 Ke5 59. Kxa5 Kd4
60. Ka4 h4 61. Bd7 c4 62. Ka3 c3 63. Kb3 Kd3 0-1

[Event "XXXIII Memorial Edoardo Crespi B"]
[Site "Milano ITA"]
[Date "2012.12.08"]
[Round "4"]
[White "Pandini, Giuseppe"]
[Black "Conta, Diego"]
[WhiteElo "1762"]
[BlackElo "1656"]
[Result "1/2-1/2"]
[PlyCount "79"]
[EventDate "2012.12.05"]

1. f4 d5 2. Nf3 Bg4 3. e3 Nf6 4. Be2 Nc6 5. O-O e6 6. b3 Be7 7. Bb2 Qd7 8. Ne5
Nxe5 9. fxe5 Bxe2 10. Qxe2 Ne4 11. d3 Nc5 12. Nd2 Bg5 13. d4 Ne4 14. Nxe4 dxe4
15. Rf2 O-O-O 16. Raf1 f5 17. c4 Bh4 18. g3 Bg5 19. Ba3 h5 20. h4 Be7 21. Bxe7
Qxe7 22. Rg2 Rdg8 23. Kf2 g5 24. Rh1 gxh4 25. Rxh4 Rg4 26. Rgh2 Qg5 27. Rxg4
fxg4 28. Kg1 Rf8 29. Rf2 Rf3 30. Rxf3 gxf3 31. Qf2 h4 32. Kh2 Qxg3+ 33. Qxg3
hxg3+ 34. Kxg3 c6 35. b4 a6 36. a3 b6 37. Kf2 c5 38. bxc5 bxc5 39. a4 a5 40.
Kg3 1/2-1/2

[Event "XXXIII Memorial Edoardo Crespi B"]
[Site "Milano ITA"]
[Date "2012.12.08"]
[Round "4"]
[White "Paulovich, Adriano"]
[Black "Ricci, Leonardo"]
[WhiteElo "1690"]
[BlackElo "1540"]
[Result "1/2-1/2"]
[PlyCount "33"]
[EventDate "2012.12.05"]

1. e4 e5 2. Nf3 Nc6 3. Bc4 Bc5 4. c3 Nf6 5. O-O d5 6. exd5 Nxd5 7. d4 exd4 8.
Nxd4 Bxd4 9. cxd4 O-O 10. Nc3 Nb6 11. d5 Nxc4 12. dxc6 Qxd1 13. Rxd1 b6 14. Nb5
Na5 15. Nxc7 Rb8 16. Bf4 Nxc6 17. Nb5 1/2-1/2

[Event "XXXIII Memorial Edoardo Crespi B"]
[Site "Milano ITA"]
[Date "2012.12.08"]
[Round "4"]
[White "Picasso, Marco Francesco"]
[Black "Frignani, Alessandro"]
[WhiteElo "1520"]
[BlackElo "1344"]
[Result "0-1"]
[PlyCount "112"]
[EventDate "2012.12.05"]

1. d4 d5 2. Bf4 e6 3. e3 Bd6 4. Bg3 Bxg3 5. hxg3 b6 6. Nf3 Nd7 7. Nbd2 Bb7 8.
Bb5 c6 9. Bd3 h6 10. c3 Ngf6 11. Qc2 Qe7 12. a3 O-O-O 13. c4 Kb8 14. b4 Rc8 15.
Nb3 Ng4 16. c5 b5 17. a4 Ba6 18. Qd2 Ndf6 19. Ne5 Ne4 20. Bxe4 dxe4 21. Nxg4 f6
22. axb5 22... Bxb5 {illegal move 0-0} 23. Kd1 -- 24. Re1 -- 25. Re2 -- 26. Ke1
-- 27. Kf1 -- 28. Kg1 -- 29. Ree1 -- 30. Rf1 Bxf1 31. Kxf1 h5 32. Nh2 Rhe8 33.
Qe2 g6 34. b5 Qb7 35. Ra5 Kc7 36. f3 f5 37. f4 Ra8 38. Kf2 Reb8 39. Qc4 Re8 40.
Nf1 Rab8 41. Nfd2 cxb5 42. Qb4 a6 43. Nb1 Qc6 44. Nc3 Rb7 45. Ra2 Rbb8 46. Nb1
Ra8 47. Na5 Qd7 48. c6 Qe7 49. Qc3 h4 50. Rd2 hxg3+ 51. Kxg3 Rh8 52. Kf2 Qh4+
53. Ke2 Qg4+ 54. Kf2 Rh2 55. Kg1 Qh4 56. g3 Rh1+ 0-1

[Event "XXXIII Memorial Edoardo Crespi B"]
[Site "Milano ITA"]
[Date "2012.12.08"]
[Round "4"]
[White "Pioggia, Massimiliano"]
[Black "Verderame, Alberto"]
[WhiteElo "1622"]
[BlackElo "1421"]
[Result "1-0"]
[PlyCount "90"]
[EventDate "2012.12.05"]

1. d4 d5 2. c4 c6 3. Nc3 Nf6 4. Nf3 e6 5. Bg5 Be7 6. e3 dxc4 7. Bxc4 b5 8. Bd3
b4 9. Bxf6 Bxf6 10. Ne4 Be7 11. O-O a5 12. Rc1 O-O 13. Ne5 Bb7 14. Nc5 Bxc5 15.
Rxc5 Qc7 16. Qa4 Nd7 17. Nxd7 Qxd7 18. Rfc1 Ba6 19. Bxa6 Rxa6 20. Rxa5 Rxa5 21.
Qxa5 Qb7 22. a3 b3 23. Qc5 Rc8 24. Qc4 h6 25. Rc3 Rb8 26. Qxc6 Qxc6 27. Rxc6
Kf8 28. Kf1 Ke7 29. Rc5 Kd6 30. Ke2 f6 31. Kd3 e5 32. a4 g5 33. g4 Rb4 34. Rc4
e4+ 35. Kc3 Rb7 36. Rb4 Rc7+ 37. Kxb3 Rc8 38. Rb6+ Ke7 39. a5 Rf8 40. a6 Ra8
41. Kb4 Kd7 42. Kb5 Kc7 43. b4 Ra7 44. d5 Rb7 45. d6+ Kc8 1-0

[Event "XXXIII Memorial Edoardo Crespi B"]
[Site "Milano ITA"]
[Date "2012.12.08"]
[Round "4"]
[White "Piras, Yari"]
[Black "Prevedello, Daniele"]
[WhiteElo "1700"]
[BlackElo "1495"]
[Result "1-0"]
[PlyCount "123"]
[EventDate "2012.12.05"]

1. g3 d5 2. Nf3 Nc6 3. Bg2 e5 4. d3 Nf6 5. O-O Bc5 6. Nxe5 Nxe5 7. d4 Ned7 8.
dxc5 Nxc5 9. c4 d4 10. b4 Ne6 11. Qa4+ Qd7 12. b5 Nc5 13. Qb4 Qe7 14. Ba3 Nfd7
15. Nd2 a5 16. Qb2 Na4 17. Bxe7 Nxb2 18. Ba3 Na4 19. Nb3 Nab6 20. c5 Nc4 21.
Bc1 a4 22. Nxd4 Nxc5 23. Bd5 Nd6 24. Ba3 Ne6 25. Bxd6 Nxd4 26. Bxc7 Nxb5 27.
Rfc1 O-O 28. Rab1 Nxc7 29. Rxc7 g6 30. Rb6 Ra6 31. Rxa6 bxa6 32. Ra7 Kg7 33.
Bc4 Kh6 34. Bxa6 Bxa6 35. Rxa6 Re8 36. Kf1 Re4 37. Ke1 Rb4 38. Kd1 Kg5 39. Kc2
Kg4 40. Kc3 Rb8 41. Rxa4+ Kg5 42. Rb4 Rc8+ 43. Kb3 Rd8 44. a4 Rd1 45. a5 Rb1+
46. Kc4 Rc1+ 47. Kb5 Rd1 48. a6 Rd5+ 49. Kb6 Rd6+ 50. Ka5 Rd5+ 51. Rb5 Rxb5+
52. Kxb5 f5 53. a7 f4 54. a8=Q fxg3 55. hxg3 h5 56. Qd5+ Kg4 57. Qe6+ Kg5 58.
Kc5 h4 59. gxh4+ Kf4 60. Qe3+ Kf5 61. Qg5+ Ke4 62. f3# 1-0

[Event "XXXIII Memorial Edoardo Crespi B"]
[Site "Milano ITA"]
[Date "2012.12.08"]
[Round "4"]
[White "Pirrello, Christian"]
[Black "Torelli, Mauro"]
[WhiteElo "1602"]
[BlackElo "1728"]
[Result "1/2-1/2"]
[PlyCount "85"]
[EventDate "2012.12.05"]

1. e4 g6 2. d4 Bg7 3. Nf3 d6 4. c4 b6 5. Nc3 Bb7 6. Be2 c5 7. Be3 Nf6 8. Qc2
Ng4 9. O-O Nc6 10. Rad1 cxd4 11. Bxd4 Nxd4 12. Nxd4 h5 13. h3 Bxd4 14. Rxd4 e5
15. Rd2 Qh4 16. Rxd6 f5 17. exf5 Qg5 18. Nd5 gxf5 19. Qa4+ Kf8 20. Qd7 Bxd5 21.
cxd5 Nf6 22. Qe6 Rh6 23. Rc1 Qxc1+ 24. Bf1 Qg5 25. Qxe5 Re8 26. Re6 Rxe6 27.
dxe6 Ne8 28. Bc4 Qc1+ 29. Bf1 Qc5 30. e7+ Qxe7 31. Qxf5+ Qf6 32. Qb5 Nd6 33.
Qd5 Rh7 34. Qa8+ Ne8 35. Bb5 Re7 36. Qd5 Re5 37. Qb3 Nd6 38. Bd3 Qf4 39. Qa3
Rd5 40. Bf1 Rd2 41. f3 Qd4+ 42. Kh2 Qf2 43. Qc3 1/2-1/2

[Event "XXXIII Memorial Edoardo Crespi B"]
[Site "Milano ITA"]
[Date "2012.12.08"]
[Round "4"]
[White "Podetti, Davide"]
[Black "Botta, Massimiliano"]
[WhiteElo "1712"]
[BlackElo "1653"]
[Result "1-0"]
[PlyCount "67"]
[EventDate "2012.12.05"]

1. e4 c5 2. Nc3 d6 3. f4 Nc6 4. g3 g6 5. Nf3 Bg7 6. Bg2 Bd7 7. d3 Nf6 8. O-O
O-O 9. h3 Rb8 10. g4 Qc7 11. Qe1 Bc8 12. f5 b5 13. Qg3 b4 14. Ne2 Ba6 15. Nd2
Ne5 16. Nf3 Nc6 17. Nf4 d5 18. g5 Nh5 19. Nxh5 Qxg3 20. Nxg3 dxe4 21. Nxe4 gxf5
22. Nxc5 Bc8 23. Bd2 Rb5 24. Nb3 a5 25. c4 Rb6 26. d4 Ra6 27. Be3 e6 28. Nc5
Ra7 29. b3 Rd8 30. Rad1 Bf8 31. Na4 Be7 32. d5 exd5 33. Bxa7 Be6 34. Bf2 1-0

[Event "XXXIII Memorial Edoardo Crespi B"]
[Site "Milano ITA"]
[Date "2012.12.08"]
[Round "4"]
[White "Poletto, Daniele"]
[Black "Milano, Maria"]
[WhiteElo "1726"]
[BlackElo "1636"]
[Result "1/2-1/2"]
[PlyCount "54"]
[EventDate "2012.12.05"]

1. c4 e6 2. Nf3 Nf6 3. g3 d5 4. Bg2 c6 5. b3 Nbd7 6. Bb2 Be7 7. O-O O-O 8. d3
b6 9. Nbd2 Bb7 10. cxd5 cxd5 11. Rc1 Rc8 12. Rxc8 Qxc8 13. Qa1 Qa8 14. Rc1 Rc8
15. Rxc8+ Qxc8 16. Qc1 Qxc1+ 17. Bxc1 Ne8 18. Bb2 Bf6 19. Bxf6 Ndxf6 20. Nb1
Nd6 21. Nc3 Bc6 22. Nd4 Bd7 23. Nc2 Nb5 24. Nxb5 Bxb5 25. Nd4 Bd7 26. Nc2 Ne8
27. Kf1 Nc7 1/2-1/2

[Event "XXXIII Memorial Edoardo Crespi B"]
[Site "Milano ITA"]
[Date "2012.12.08"]
[Round "4"]
[White "Pollio, Ciro"]
[Black "Bertora, Silvano"]
[WhiteElo "1714"]
[BlackElo "1618"]
[Result "1-0"]
[PlyCount "71"]
[EventDate "2012.12.05"]

1. d4 Nf6 2. c4 d5 3. Nc3 dxc4 4. e3 e6 5. Bxc4 Nc6 6. Nf3 Na5 7. Bd3 b6 8. b4
Nc6 9. a3 Be7 10. O-O Bd7 11. Qc2 a5 12. b5 Na7 13. a4 c6 14. Ne4 cxb5 15.
Nxf6+ Bxf6 16. axb5 Nxb5 17. Qb3 a4 18. Qb2 Nd6 19. Ne5 b5 20. Nxd7 Qxd7 21.
Bd2 Rb8 22. Rxa4 O-O 23. Rb4 Rb6 24. Rb1 Rfb8 25. e4 Be7 26. Rb3 g6 27. Bf4 Qb7
28. e5 Nf5 29. Bxf5 gxf5 30. Rg3+ Kh8 31. Bh6 Bf8 32. Bg5 Bg7 33. Qd2 Qe4 34.
Re1 Qd5 35. Bh6 Bxh6 36. Qxh6 1-0

[Event "XXXIII Memorial Edoardo Crespi B"]
[Site "Milano ITA"]
[Date "2012.12.08"]
[Round "4"]
[White "Ragoso, Mario"]
[Black "Donadi, Luca"]
[WhiteElo "1656"]
[BlackElo "1689"]
[Result "0-1"]
[PlyCount "38"]
[EventDate "2012.12.05"]

1. e4 e5 2. Nf3 Nf6 3. Nxe5 d6 4. Nf3 Nxe4 5. Bc4 d5 6. Qe2 dxc4 7. Qxe4+ Qe7
8. Qxe7+ Bxe7 9. O-O O-O 10. Nc3 Nc6 11. a3 Bf5 12. Nd5 Bxc2 13. Nxc7 Rad8 14.
Nb5 Bf6 15. Re1 Rfe8 16. Rxe8+ Rxe8 17. Nd6 Re2 18. Nxc4 Nd4 19. Nxd4 Re1# 0-1

[Event "XXXIII Memorial Edoardo Crespi B"]
[Site "Milano ITA"]
[Date "2012.12.08"]
[Round "4"]
[White "Resta, Andrea"]
[Black "Peroni, Gianpaolo"]
[WhiteElo "1688"]
[BlackElo "1500"]
[Result "1-0"]
[PlyCount "83"]
[EventDate "2012.12.05"]

1. d4 f5 2. Bg5 Nf6 3. Nc3 e6 4. e4 Be7 5. e5 Ne4 6. Nxe4 fxe4 7. Bxe7 Qxe7 8.
Qg4 d5 9. exd6 cxd6 10. Qxe4 O-O 11. Bd3 g6 12. Nf3 d5 13. Qe3 Qb4+ 14. Ke2 Nc6
15. b3 Bd7 16. Rhe1 Rae8 17. Kf1 Ne7 18. Kg1 Nf5 19. Qe5 Ng7 20. Qe2 Rf6 21. c4
Ref8 22. Rac1 Nh5 23. Bb1 Nf4 24. Qe3 dxc4 25. bxc4 Bc6 26. Be4 Bxe4 27. Qxe4
Qb2 28. Rc2 Qa3 29. Qxb7 Nxg2 30. Ng5 R6f7 31. Qxg2 Qd3 32. Qe4 Qxe4 33. Rxe4
Rf6 34. Nxe6 Re8 35. Ng5 Rb8 36. d5 h6 37. Ne6 Rb1+ 38. Kg2 Rd1 39. Rd4 Re1 40.
c5 g5 41. c6 h5 42. c7 1-0

[Event "XXXIII Memorial Edoardo Crespi B"]
[Site "Milano ITA"]
[Date "2012.12.08"]
[Round "4"]
[White "Romagnoli, Thomas"]
[Black "Priori, Gabriele"]
[WhiteElo "1709"]
[BlackElo "1608"]
[Result "0-1"]
[PlyCount "102"]
[EventDate "2012.12.05"]

1. e4 c5 2. Nf3 d6 3. d4 cxd4 4. Nxd4 Nf6 5. Nc3 g6 6. Be3 Bg7 7. f3 Nc6 8. Qd2
O-O 9. Bc4 Bd7 10. O-O-O Nxd4 11. Bxd4 Qc7 12. Bb3 b5 13. g4 a5 14. Bd5 Bc6 15.
Bxc6 Qxc6 16. h4 b4 17. Nb1 Rfb8 18. h5 a4 19. c3 bxc3 20. Nxc3 Rb7 21. Rh2
Rab8 22. Qd3 e5 23. Be3 Rd7 24. Kb1 Rbd8 25. Nd5 Nxd5 26. exd5 Qb7 27. Rf1 Rb8
28. Rff2 Qb5 29. Qd2 Rdb7 30. h6 Bh8 31. Rhg2 Qc4 32. Qc1 Qxd5 33. Rc2 Qe6 34.
Rgd2 e4 35. Bd4 Bxd4 36. Rxd4 exf3 37. Rf4 Re7 38. Rxf3 Qe1 39. Rf1 Qxc1+ 40.
Rfxc1 f6 41. Rc8+ Rxc8 42. Rxc8+ Kf7 43. Rc4 Ra7 44. Kc2 g5 45. Rc3 Kg6 46. Rh3
f5 47. gxf5+ Kxf5 48. b3 axb3+ 49. axb3 g4 50. Rh1 g3 51. Rd1 g2 0-1

[Event "XXXIII Memorial Edoardo Crespi B"]
[Site "Milano ITA"]
[Date "2012.12.08"]
[Round "4"]
[White "Ruggeri, Igor"]
[Black "Mazzoccoli, Simone"]
[WhiteElo "1588"]
[BlackElo "1681"]
[Result "0-1"]
[PlyCount "64"]
[EventDate "2012.12.05"]

1. d4 Nf6 2. c4 g6 3. Nc3 Bg7 4. e4 d6 5. f4 O-O 6. Nf3 c5 7. Be2 Qa5 8. O-O
cxd4 9. Nxd4 Qb6 10. Na4 Qc7 11. Qd3 Nc6 12. Nxc6 Qxc6 13. Nc3 Qb6+ 14. Kh1 Nd7
15. Nd5 Qd8 16. Rb1 Nc5 17. Qf3 Re8 18. b3 Nxe4 19. Bb2 Nd2 20. Qe3 Nxf1 21.
Bxf1 Bf5 22. Bd3 Bxd3 23. Qxd3 Bxb2 24. Rxb2 e6 25. Ne3 Qf6 26. Rf2 Qa1+ 27.
Nd1 e5 28. fxe5 Rxe5 29. Rf1 Rae8 30. Qf3 Rf5 31. Qd3 Qb1 32. Nb2 Qxf1+ 0-1

[Event "XXXIII Memorial Edoardo Crespi B"]
[Site "Milano ITA"]
[Date "2012.12.08"]
[Round "4"]
[White "Tannoia, Rocco"]
[Black "Baccarin, Stefano"]
[WhiteElo "1665"]
[BlackElo "1701"]
[Result "0-1"]
[PlyCount "75"]
[EventDate "2012.12.05"]

1. e4 c5 2. Nf3 d6 3. d4 cxd4 4. Nxd4 Nf6 5. Nc3 a6 6. h3 e6 7. Be3 Nbd7 8. Bd3
Nc5 9. O-O Be7 10. Rb1 Qc7 11. Nb3 O-O 12. f3 b5 13. Qe2 Bb7 14. Qf2 Rac8 15.
a3 d5 16. Nxc5 Bxc5 17. Bxc5 Qxc5 18. Qxc5 Rxc5 19. Rfe1 dxe4 20. Nxe4 Nxe4 21.
fxe4 Rd8 22. Kf2 Rg5 23. Re3 f5 24. g3 fxe4 25. Bxe4 Bxe4 26. Rxe4 Rd2+ 27. Kf3
Rf5+ 28. Ke3 Rff2 29. Rc1 Rde2+ 30. Kd3 Rd2+ 31. Ke3 Rfe2+ 32. Kf3 Rxe4 33.
Kxe4 Kf7 34. h4 Ke7 35. g4 Re2+ 36. Kf3 Rd2 37. h5 Kf6 38. Ke3 0-1

[Event "XXXIII Memorial Edoardo Crespi B"]
[Site "Milano ITA"]
[Date "2012.12.08"]
[Round "4"]
[White "Trent, Alan M."]
[Black "Cerutti, Fabio Maria"]
[WhiteElo "1706"]
[BlackElo "1686"]
[Result "1/2-1/2"]
[PlyCount "37"]
[EventDate "2012.12.05"]

1. e4 c5 2. Nc3 d6 3. f4 g6 4. Nf3 Bg7 5. Bc4 Nc6 6. d3 e6 7. O-O Nge7 8. Qe1
O-O 9. Qh4 Nd4 10. Bb3 e5 11. f5 gxf5 12. Ng5 h6 13. Nh3 Nxb3 14. axb3 Ng6 15.
Qh5 fxe4 16. Bxh6 Bxh6 17. Qxh6 Qh4 18. Qxh4 Nxh4 19. dxe4 1/2-1/2

[Event "XXXIII Memorial Edoardo Crespi B"]
[Site "Milano ITA"]
[Date "2012.12.08"]
[Round "4"]
[White "Vece, Luigi"]
[Black "Spelta, Andrea"]
[WhiteElo "1674"]
[BlackElo "1744"]
[Result "1/2-1/2"]
[PlyCount "121"]
[EventDate "2012.12.05"]

1. d4 b6 2. c4 Bb7 3. Nc3 e6 4. e4 Bb4 5. f3 f5 6. exf5 Nh6 7. fxe6 dxe6 8. a3
Bxc3+ 9. bxc3 O-O 10. Nh3 Qh4+ 11. Nf2 Nc6 12. Qe2 Kh8 13. Qe4 Qf6 14. Bd3 Nf5
15. O-O Na5 16. Qe2 Nb3 17. Rb1 Nxc1 18. Rbxc1 Rae8 19. Ng4 Qg5 20. Rce1 Nh4
21. Be4 Bxe4 22. fxe4 Ng6 23. g3 h5 24. Nf2 Nf4 25. Qd1 Rf6 26. Kh1 Ng6 27. Nh3
Qh6 28. Rxf6 gxf6 29. Qf3 Kg7 30. Nf4 Nxf4 31. gxf4 Rg8 32. d5 Kf7 33. e5 f5
34. dxe6+ Qxe6 35. Qxh5+ Kf8 36. Rd1 Qc6+ 37. Rd5 Qg6 38. Qxg6 Rxg6 39. c5 b5
40. Rd3 Ke7 41. Rg3 Rxg3 42. hxg3 Ke6 43. Kg2 Kd5 44. Kf3 Kxc5 45. Ke3 Kd5 46.
Kd3 Kc5 47. Kc2 a5 48. Kb3 c6 49. a4 Kb6 50. e6 Kc7 51. axb5 cxb5 52. c4 bxc4+
53. Kxc4 Kd6 54. Kb5 Kxe6 55. Kxa5 Kd5 56. Kb5 Ke4 57. Kc4 Kf3 58. Kd3 Kxg3 59.
Ke3 Kg4 60. Ke2 Kxf4 61. Kf2 1/2-1/2

[Event "XXXIII Memorial Edoardo Crespi B"]
[Site "Milano ITA"]
[Date "2012.12.08"]
[Round "4"]
[White "Viotti, Alberto"]
[Black "Calabrese, Maurizio"]
[WhiteElo "1588"]
[BlackElo "1528"]
[Result "1-0"]
[PlyCount "51"]
[EventDate "2012.12.05"]

1. d4 d5 2. Nf3 Nf6 3. c3 c6 4. Bf4 e6 5. e3 Bd6 6. Bxd6 Qxd6 7. Bd3 Nbd7 8.
Nbd2 O-O 9. O-O e5 10. dxe5 Nxe5 11. Nxe5 Qxe5 12. Nf3 Qd6 13. Qc2 h6 14. Rad1
Be6 15. e4 Qf4 16. e5 Bg4 17. exf6 Bxf3 18. Bh7+ Kh8 19. fxg7+ Kxg7 20. gxf3
Kh8 21. Qf5 Rg8+ 22. Kh1 Qh4 23. Bxg8 Rxg8 24. Rd4 Qe7 25. Rg4 Re8 26. Rfg1 1-0

[Event "XXXIII Memorial Edoardo Crespi B"]
[Site "Milano ITA"]
[Date "2012.12.08"]
[Round "5"]
[White "Alidosi, Marco"]
[Black "Tannoia, Rocco"]
[WhiteElo "1785"]
[BlackElo "1665"]
[Result "1-0"]
[PlyCount "97"]
[EventDate "2012.12.05"]

1. d4 d5 2. c4 c6 3. cxd5 Qxd5 4. Nc3 Qa5 5. Qc2 Bf5 6. e4 Bg6 7. Bd3 e6 8. Nf3
Be7 9. Bd2 Nd7 10. Nd5 Qd8 11. Nxe7 Nxe7 12. Bc3 Nf6 13. O-O O-O 14. Ne5 Nd7
15. Nxd7 Qxd7 16. Rad1 a5 17. b4 axb4 18. Bxb4 Rfe8 19. Bc5 Nc8 20. Rb1 b5 21.
a3 Nd6 22. f3 Nb7 23. Rfd1 Nxc5 24. dxc5 Qc7 25. Rb3 Red8 26. Be2 Rxd1+ 27.
Bxd1 Qa5 28. Kf2 Rd8 29. Rd3 h5 30. Rd6 Rb8 31. Qb2 Kh7 32. Qb4 Qa7 33. f4 Qc7
34. Bf3 Ra8 35. Qc3 Ra4 36. Qd3 Rc4 37. f5 Rxc5 38. fxg6+ fxg6 39. g3 Qa5 40.
Rd7 e5 41. Bxh5 Rc3 42. Qe2 Qb6+ 43. Kg2 c5 44. Qd2 Qa5 45. Bxg6+ Kxg6 46. Qd6+
Kh7 47. Qe7 Rc2+ 48. Kh3 Rxh2+ 49. Kg4 1-0

[Event "XXXIII Memorial Edoardo Crespi B"]
[Site "Milano ITA"]
[Date "2012.12.08"]
[Round "5"]
[White "Aloe, Giancarlo"]
[Black "Cagnotto, Marco"]
[WhiteElo "1666"]
[BlackElo "1362"]
[Result "1-0"]
[PlyCount "53"]
[EventDate "2012.12.05"]

1. d4 Nf6 2. Nf3 g6 3. c4 Bg7 4. g3 d6 5. Bg2 O-O 6. O-O c5 7. Nc3 Nc6 8. e3
Bf5 9. Nh4 Bd7 10. a3 a5 11. b3 Qc8 12. Bb2 Bh3 13. Na4 Bxg2 14. Kxg2 Ra6 15.
dxc5 dxc5 16. Nxc5 Ra7 17. Qe2 b6 18. Na4 Rb7 19. Rac1 Rd8 20. Nc3 Rbd7 21. Nf3
Qb8 22. Nb5 Ne4 23. Bxg7 Kxg7 24. Nbd4 Ne5 25. Rfd1 Nxf3 26. Qxf3 Nf6 27. Nc6
1-0

[Event "XXXIII Memorial Edoardo Crespi B"]
[Site "Milano ITA"]
[Date "2012.12.08"]
[Round "5"]
[White "Baccarin, Stefano"]
[Black "Casamassima, Paolo"]
[WhiteElo "1701"]
[BlackElo "1657"]
[Result "1-0"]
[PlyCount "87"]
[EventDate "2012.12.05"]

1. e4 c5 2. Nc3 Nc6 3. g3 Nf6 4. f4 d6 5. Nf3 Bg4 6. Bg2 Nd4 7. h3 Bxf3 8. Bxf3
Nxf3+ 9. Qxf3 Rb8 10. O-O e6 11. e5 Nd7 12. exd6 Bxd6 13. Ne4 Be7 14. b3 O-O
15. Bb2 f6 16. Rae1 Qb6 17. Kh1 Rbe8 18. Qg4 Qc6 19. Kh2 Rf7 20. Nc3 f5 21. Qe2
Bf6 22. Rf3 Bd4 23. Na4 e5 24. c3 b5 25. cxd4 cxd4 26. Bxd4 bxa4 27. Bxe5 Rfe7
28. Rc3 Qb6 29. Qc4+ Kf8 30. Rce3 Nxe5 31. fxe5 Rxe5 32. Qf4 g5 33. Qxg5 Qd6
34. Rxe5 Rxe5 35. Rxe5 Qxe5 36. Qe3 Qb5 37. Qh6+ Kg8 38. Qe6+ Kf8 39. Qc4 Qd7
40. Qc3 axb3 41. Qh8+ Ke7 42. Qxh7+ Ke6 43. Qxd7+ Kxd7 44. axb3 1-0

[Event "XXXIII Memorial Edoardo Crespi B"]
[Site "Milano ITA"]
[Date "2012.12.08"]
[Round "5"]
[White "Bertora, Silvano"]
[Black "Casati, Ivan Mario"]
[WhiteElo "1618"]
[BlackElo "1418"]
[Result "1-0"]
[PlyCount "47"]
[EventDate "2012.12.05"]

1. c4 d6 2. d4 Nf6 3. Nc3 g6 4. Nf3 Bg7 5. e4 O-O 6. Be2 e5 7. d5 c5 8. Be3 Ng4
9. Bd2 b6 10. h3 Nf6 11. Qc1 Ba6 12. Bh6 Nbd7 13. Bxg7 Kxg7 14. g4 Rh8 15. Nh2
Qe7 16. f4 exf4 17. Qxf4 Qe5 18. Qe3 h5 19. O-O-O Rh6 20. Nf3 Qe7 21. g5 Rh7
22. gxf6+ Qxf6 23. Rhf1 Rhh8 24. Ng5 1-0

[Event "XXXIII Memorial Edoardo Crespi B"]
[Site "Milano ITA"]
[Date "2012.12.08"]
[Round "5"]
[White "Botta, Massimiliano"]
[Black "Ruggeri, Igor"]
[WhiteElo "1653"]
[BlackElo "1588"]
[Result "1-0"]
[PlyCount "61"]
[EventDate "2012.12.05"]

1. e4 c5 2. Nf3 d6 3. d4 cxd4 4. Nxd4 g6 5. Nc3 Bg7 6. Be3 Nf6 7. Qd2 O-O 8.
Bc4 Nc6 9. f3 Bd7 10. O-O-O Rc8 11. Bb3 a6 12. h4 Na5 13. h5 Nxb3+ 14. Nxb3
Nxh5 15. Kb1 Bc6 16. g4 Nf6 17. Rh3 Bd7 18. Rdh1 h5 19. Qh2 Nxg4 20. fxg4 Bxg4
21. Rg3 Be5 22. Rf1 Kg7 23. Bf4 Bf6 24. Rxg4 e5 25. Be3 Rh8 26. Rg2 h4 27. Rgf2
h3 28. Rf3 Rxc3 29. bxc3 d5 30. Rxf6 dxe4 31. Rxf7+ 1-0

[Event "XXXIII Memorial Edoardo Crespi B"]
[Site "Milano ITA"]
[Date "2012.12.08"]
[Round "5"]
[White "Brambilla, Luca Massimo"]
[Black "Bianchi, Paolo"]
[WhiteElo "1692"]
[BlackElo "1676"]
[Result "0-1"]
[PlyCount "98"]
[EventDate "2012.12.05"]

1. d4 Nf6 2. c4 g6 3. Nc3 d5 4. Nf3 Bg7 5. Bf4 O-O 6. e3 c6 7. Be2 Bg4 8. Rc1
Nbd7 9. cxd5 Nxd5 10. Nxd5 cxd5 11. Bc7 Qe8 12. Qb3 e5 13. dxe5 Bxf3 14. Bxf3
Bxe5 15. Bxd5 Rc8 16. Qxb7 Nf6 17. O-O Nxd5 18. Bxe5 Rxc1 19. Rxc1 Qxe5 20. Rd1
Nf6 21. b4 Rb8 22. Qxa7 Rxb4 23. a4 Qb8 24. Qxb8+ Rxb8 25. f3 Ra8 26. Rd4 Kg7
27. Kf2 Ra5 28. Ke2 Nd5 29. Kd3 Nb6 30. Kc3 Rxa4 31. Rxa4 Nxa4+ 32. Kb4 Nb6 33.
Kc5 Nd7+ 34. Kd6 Nf6 35. e4 Nh5 36. g3 Nf6 37. e5 Ng8 38. Kd7 h5 39. Kd6 Nh6
40. Kd5 g5 41. Ke4 Kg6 42. h3 Nf5 43. g4 Ng3+ 44. Ke3 h4 45. f4 gxf4+ 46. Kxf4
Ne2+ 47. Kf3 Ng1+ 48. Kg2 Nxh3 49. Kxh3 Kg5 0-1